Busy little beaver / (Record no. 5207)

MARC details
000 -LEADER
fixed length control field 00960nam a22003017a 4500
001 - CONTROL NUMBER
control field 5207
003 - CONTROL NUMBER IDENTIFIER
control field FISKH
005 - DATE AND TIME OF LATEST TRANSACTION
control field 20251010085244.0
008 - FIXED-LENGTH DATA ELEMENTS--GENERAL INFORMATION
fixed length control field 241119b cb ||||| |||| 00| 0 eng d
020 ## - INTERNATIONAL STANDARD BOOK NUMBER
International Standard Book Number 9781592490110
040 ## - CATALOGING SOURCE
Original cataloging agency FISKH
Language of cataloging eng
Transcribing agency FISKH
Modifying agency FISKH
050 ## - LIBRARY OF CONGRESS CALL NUMBER
Classification number PZ10.B4517
082 ## - DEWEY DECIMAL CLASSIFICATION NUMBER
Classification number 599.37
100 ## - MAIN ENTRY--PERSONAL NAME
Personal name Bentley, Dawn
Dates associated with a name (1963-)
245 ## - TITLE STATEMENT
Title Busy little beaver /
Statement of responsibility, etc. by Dawn Bentley ; Illustrated by Beth Stover
250 ## - EDITION STATEMENT
Edition statement First edition in 2003
260 ## - PUBLICATION, DISTRIBUTION, ETC.
Place of publication, distribution, etc. Washington :
Name of publisher, distributor, etc. LittleSoundprints,
Date of publication, distribution, etc. 2003.
300 ## - PHYSICAL DESCRIPTION
Extent 48 pages :
Other physical details Color illustrations ;
Dimensions 23 cm
505 ## - FORMATTED CONTENTS NOTE
Formatted contents note G<br/>
520 ## - SUMMARY, ETC.
Summary, etc. Beaver and his mate avoid dangers from a fox and an owl as they build a lodge, raise a litter of kits, and prepare for winter.
521 8# - TARGET AUDIENCE NOTE
Target audience note 360L<br/>
Source Lexile<br/>
521 8# - TARGET AUDIENCE NOTE
Target audience note G<br/>
Source Raz-Plus<br/>
650 ## - SUBJECT ADDED ENTRY--TOPICAL TERM
Source of heading or term Stuffed animal
Topical term or geographic name entry element Reader
650 ## - SUBJECT ADDED ENTRY--TOPICAL TERM
Source of heading or term Early reader
Topical term or geographic name entry element Animals
700 ## - ADDED ENTRY--PERSONAL NAME
Personal name Stover, Beth
Dates associated with a name Illustrator
942 ## - ADDED ENTRY ELEMENTS (KOHA)
Source of classification or shelving scheme Dewey Decimal Classification
Koha item type Books
Suppress in OPAC No
Holdings
Withdrawn status Lost status Source of classification or shelving scheme Damaged status Not for loan Collection Home library Current library Shelving location Date acquired Total Checkouts Full call number Barcode Date last seen Copy number Price effective from Koha item type
    Dewey Decimal Classification     Fiction Footprints International School Library Network Toul Kork Campus Footprints International School Library Network Toul Kork Campus TK Primary Library Room(4th Floor), Bookcase 1&2, Shelves 1-16, Dark Blue Books 11/19/2024   BEN 599.37 PZ10.B4517 FISTK01084 11/19/2024 1 11/19/2024 Books
    Dewey Decimal Classification     Fiction Footprints International School Library Network Toul Tom Poung Campus Footprints International School Library Network Toul Tom Poung Campus TTP Primary Dark Blue Bookshelves 10/09/2025   BEN 599.37 PZ10.B4517 2025-4518 10/09/2025 2 10/09/2025 Books